| 000 | 01204nam a2200289 a 4500 | ||
|---|---|---|---|
| 001 | 37663 | ||
| 003 | BD-RjUL | ||
| 005 | 20211209052631.0 | ||
| 008 | 931217s1993 ii a b 101 0 eng d | ||
| 020 | _a8170224640 | ||
| 035 | _a(BD-RjUL)37767 | ||
| 040 |
_aMUU _cMUU _dEQO _dBD-RjUL _beng |
||
| 041 | _aeng | ||
| 082 |
_219 _a630 _bAGR 1993 |
||
| 090 |
_aHD1417 _b.A465 1993 |
||
| 245 | 0 | 4 |
_aThe Agricultural and food sector in the new global era / _c[edited by] Alessandro Bonanno. |
| 260 |
_aNew Delhi : _bConcept Pub. Co, _cc1993. |
||
| 300 |
_a240 p. : _bill. ; _c23 cm |
||
| 500 | _a"The papers contained in this volume were originally read at the international multidisciplinary coonference "The Globalization of the Agricultural and Food Order" held at the University of Missouri-Columbia, USA in June of 1991."--Introduction | ||
| 504 | _aIncludes bibliographical references | ||
| 650 | 0 |
_aAgriculture _xSocial aspects _xCongresses _9115805 |
|
| 650 | 0 |
_aFood _vCongresses _9115806 |
|
| 650 | 0 |
_aSociology, Rural _xCongresses _9115807 |
|
| 700 | 1 |
_aBonanno, Alessandro. _9115808 |
|
| 711 | 2 |
_aGlobalization of the Agricultural and Food Order _d(1991 : _cColumbia, Mo.) _9115809 |
|
| 942 |
_2ddc _cBK |
||
| 999 |
_c37663 _d37663 |
||